000 00488nam a2200193Ia 4500
003 OSt
005 20240104151738.0
008 210210b2005 xxu||||| |||| 00| 0 eng d
040 _cAL
041 _aEnglish
082 _a543/117 UGC
100 _aPURI (B R) and Others.
_9147336
245 _aPrinciples of inorganic chemistry.
260 _aN D
_bVallabh Publications
_c2005
300 _axvi,1488
690 _aInorganic Chemistry
_9147337
906 _aSG04774
942 _2ddc
_cBK
999 _c115186
_d115186